000 00689nam a2200205Ia 4500
003 GCL
008 140319s9999 xx 000 0 ara d
040 _aGCL /
_cGCL
082 0 4 _aق
_b962.064
_bر ح
100 1 _aرؤوف عباس حامد
245 1 0 _aحرب السويس بعد اربعين عاما /
_cرؤوف عباس حامد
250 _aالاولى
300 _a415 ص ؛
_c24 سم
490 _aالهيئة العامة للاستعلامات
_v0
650 0 4 _aالناصرية
650 0 4 _aالاعتداء الثلاثى على مصر 1956
650 0 4 _aالسويس
650 0 4 _aمصر - تاريخ - العصر الحديث (1805 - 1956 )
942 _2ddc
_cBK
999 _c52084
_d52084